| 000 | 01105nam a2200229Ia 4500 | ||
|---|---|---|---|
| 999 |
_c43799 _d43799 |
||
| 001 | 10544 | ||
| 003 | GE_BSU | ||
| 005 | 20220927114208.0 | ||
| 008 | 181216s2012||||ge |||||||||||||| ||geo|| | ||
| 020 | _a9789941178986 | ||
| 040 | _cGE_BSU | ||
| 041 | _ageo | ||
| 080 | _a334.758:005 ხ–26 | ||
| 100 |
_aხარებავა, რევაზ _914841 |
||
| 245 |
_aფირმის ეკონომიკური სტრატეგიები = Economic strategies of the firm : _bსახელმძღვ. / _cრევაზ ხარებავა ; რედ. ლარისა თაკალანძე ; სოხუმის სახელმწ. უნ-ტი. |
||
| 264 |
_aთბილისი : _bუნივერსალი, _c2012. |
||
| 300 |
_a633 გვ.: _bცხრ.ნახ.; _c26 სმ. |
||
| 653 | _aფირმის მენეჯმენტი | ||
| 700 |
_aთაკალანძე, ლარისა _eრედაქტორი _914664 |
||
| 710 |
_aსოხუმის სახელმწ. უნ-ტი. _914842 |
||
| 942 |
_cBK _2udc |
||